1150 1690 1074 1923 1953 1222 1168 1187 1848 1091 1067 1646 1068 1022 1754 1337 1155 1999 1968 1157 1853 1970 1623 1204 1327 1411 1742 1558 1302 1194 1774 1961 1559 1159 1881 1447 1696 1754 1573 1791 1253 1295 1258 1806 1434 1616 1532 1136 1536 1617 1612 1149 1480 1628 1861 1953 1620 1109 1100 1439 1915 1742 1632 1537 1173 1585 1218 1094 1637 1751 1140 1611 1951 1639 1636 1585 1132 1998 1204 1933 1689 1163 1250 1605 1980 1384 1058 1881 1717 1059 1596 1904 1971 1493 1435 1553 1942 1031 1975 BCNSPRNW ULIB Ver.6.0+V

เปลี่ยนเป็นภาษาไทย

Change to English
 แสดงรายละเอียดบรรณานุกรม
  กลับหน้าหลัก

Brief Record : Get Marc (ISO 2709) : E-mail record : QR code < ปิดหน้าต่าง
LEADER : 00000nam 2200000uu 4500
001    13399111523
003     ULIB
008    110628s||||||||th 000 0 tha d
020    9786167076034
050  4 BQ4302^bน189ก 2549
100 0  นพวัฒน์ ชัยประคอง
245 10 เกิดใหม่ในโลกใบเดิม/^cนพวัฒน์ ชัยประคอง
250    พิมพ์ครั้งที่ 1
260    กรุงเทพฯ :^bบีพลัส,^c 2552
300    176 หน้า^bภาพประกอบสีบางภาพ
650  7 กรรม
945    ^p160^l0^i027356
945    ^p160^l0^i027355
995    ทศพร
999 ^a ใช้งานได้ทุกระบบ
รายการนี้ยังไม่มีแท็ก
คุณยังไม่ได้ล็อกอิน คุณสามารถมีกิจกรรมร่วมกับเว็บไซต์ได้ แต่ต้องล็อกอินก่อน ::
  ล็อกอิน

รายการสื่อสารสนเทศ

ลำดับที่ ประเภท เลขเรียก/บาร์โค้ด สถานที่ สถานะ
- ไม่พบข้อมูล -

รายการใกล้เคียง
    หัวเรื่อง [กรรม]

BibComment


ยังไม่เคยถูกคอมเมนท์

คอมเมนท์ทรัพยากรรายการนี้
  คอมเมนท์: เกิดใหม่ในโลกใบเด..


 Copyright 2026. Bcnsprnw @Library